00303nam a2200121Ia 4500008004100000082002100041100001200062245003700074250000800111260003300119300001000152650001900162150201s2007 xx 000 0 und d a616.0707bO2007N aNEVILLE aORAL AND MAXILLOFACIAL PATHOLOGY a2ND bSAUNDERSaPHILADELPHIAc2007 a1-844 aORAL PATHOLOGY